Random Geography Stuff 4 - Statistics

General Stats
  • This quiz has been taken 66 times
    30 since last reset
  • The average score is 7 of 10
Answer Stats
Hint Answer % Correct
What is the capital of China? Beijing
100%
What is the capital of India? New Delhi
95%
What continent has the lowest population? Antarctica
86%
What is the Southernmost country? Chile
82%
What is the capital of Vietnam? Hanoi
82%
How many countries border Chad? 6
73%
What is the largest country in Europe? Ukraine
73%
What is the smallest country in North America? Saint Kitts and Nevis
68%
How many countries are in Asia? 48
50%
What is the 196th country? Taiwan
14%
No matching quizzes found
Score Distribution
Percent of People with Each Score
Percentile by Number Answered
Your Score History
You have not taken this quiz since the last reset